All countries by amount of active military personnel with a map - Statistics

General Stats
  • This quiz has been taken 74 times
  • The average score is 44 of 174
Answers on the Map
Answers color-coded by a green-red scale on the quiz's map according to % correct below.
 
Answer Stats
Answer Number of soldiers % Correct
China 2,035,000
100%
India 1,475,750
97%
United States 1,315,600
97%
North Korea 1,280,000
90%
Russia 1,134,000
90%
Iran 610,000
83%
Pakistan 660,000
83%
Ukraine 730,000
83%
Brazil 374,500
69%
Turkey 355,200
69%
South Korea 500,000
66%
Vietnam 450,000
66%
Egypt 438,000
62%
Indonesia 404,500
62%
Japan 247,150
62%
Mexico 287,000
62%
France 202,100
59%
Germany 179,850
59%
Iraq 193,000
59%
Israel 169,500
59%
Thailand 360,850
59%
United Kingdom 141,000
59%
Colombia 269,000
55%
Afghanistan 172,000
52%
Italy 161,850
52%
Saudi Arabia 257,000
52%
Nigeria 143,000
48%
Poland 164,100
48%
Spain 122,200
48%
Taiwan 169,000
48%
Bangladesh 171,00
45%
Ethiopia 503,000
45%
Morocco 195,800
45%
Philippines 146,250
45%
Algeria 139,000
41%
Argentina 83,000
41%
Malaysia 113,000
41%
Myanmar 134,000
41%
Chile 68,500
38%
Peru 81,000
38%
Sri Lanka 262,000
38%
Sudan 104,300
38%
Venezuela 123,000
38%
Canada 62,000
34%
Democratic Republic of the Congo 128,350
34%
Eritrea 301,750
34%
Greece 132,000
34%
Jordan 100,500
34%
Romania 69,900
34%
Angola 107,000
31%
Cambodia 124,300
31%
Nepal 96,600
31%
South Africa 69,200
31%
United Arab Emirates 63,000
31%
Azerbaijan 68,200
28%
Belarus 48,600
28%
Cuba 49,000
28%
Netherlands 33,650
28%
Australia 58,540
24%
Bolivia 34,100
24%
Chad 33,250
24%
Ecuador 39,600
24%
Kenya 24,100
24%
Mali 21,000
24%
Niger 39,100
24%
Serbia 28,150
24%
South Sudan 90,000
24%
Sweden 14,850
24%
Tunisia 35,800
24%
Yemen 40,000
24%
Armenia 42,900
21%
Austria 22,200
21%
Bulgaria 36,950
21%
Cameroon 25,400
21%
Côte d'Ivoire 27,400
21%
Czech Republic 26,600
21%
Denmark 13,100
21%
Finland 23,850
21%
Ghana 19,000
21%
Hungary 32,150
21%
Kazakhstan 39,000
21%
Mozambique 11,200
21%
Nicaragua 12,000
21%
Norway 25,400
21%
Tanzania 27,000
21%
Uganda 45,000
21%
Uzbekistan 48,000
21%
Belgium 23,500
17%
Croatia 16,800
17%
Georgia 20,650
17%
Honduras 14,950
17%
Kyrgyzstan 10,900
17%
Laos 29,100
17%
Lebanon 60,000
17%
Portugal 26,050
17%
Rwanda 33,000
17%
Senegal 13,600
17%
Singapore 51,000
17%
Somalia 25,000
17%
Tajikistan 8,800
17%
Turkmenistan 36,500
17%
Zambia 17,100
17%
Bosnia and Herzegovina 10,650
14%
Burkina Faso 7,000
14%
Burundi 30,050
14%
Central African Republic 9,150
14%
Cyprus 12,000
14%
Guatemala 18,050
14%
Guinea 9,700
14%
Kuwait 17,500
14%
Madagascar 13,500
14%
Malawi 10,700
14%
New Zealand 8,700
14%
Paraguay 13,950
14%
Qatar 16,500
14%
Switzerland 21,300
14%
Zimbabwe 29,000
14%
Albania 7,500
10%
Dominican Republic 56,800
10%
Estonia 7,100
10%
Ireland 9,500
10%
Latvia 6,600
10%
Lithuania 16,100
10%
Mauritania 15,850
10%
Moldova 5,150
10%
Slovakia 15,850
10%
Uruguay 21,100
10%
Benin 12,300
7%
Bhutan 16,000
7%
Botswana 9,000
7%
Djibouti 8,450
7%
El Salvador 2,600
7%
Equatorial Guinea 1,750
7%
Eswatini 3,000
7%
Gabon 4,700
7%
Guinea-Bissau 4,450
7%
Haiti
7%
Kosovo 3,000
7%
Lesotho 2,000
7%
Liberia 2,010
7%
Luxembourg 1,100
7%
Malta 1,700
7%
Mongolia 9,700
7%
Montenegro 2,885
7%
Namibia 11,600
7%
North Macedonia 8,000
7%
Oman 42,600
7%
Papua New Guinea 4,000
7%
Republic of the Congo 10,000
7%
Sierra Leone 8,500
7%
Slovenia 6,200
7%
Togo 13,750
7%
Bahrain 8,200
3%
Brunei 7,200
3%
East Timor 2,250
3%
Gambia 4,100
3%
Guyana 3,400
3%
Maldives 4,000
3%
Suriname 1,840
3%
Antigua and Barbuda
0%
Bahamas 1,500
0%
Barbados
0%
Belize 2,000
0%
Cabo Verde 1,200
0%
Comoros 1,000
0%
Fiji 4,040
0%
Jamaica 5,950
0%
Monaco
0%
Saint Kitts and Nevis
0%
San Marino
0%
São Tomé and Príncipe
0%
Seychelles
0%
Tonga
0%
Trinidad and Tobago 4,050
0%
No matching quizzes found
Score Distribution
Percent of People with Each Score
Percentile by Number Answered
Your Score History
You have not taken this quiz